• 首页
  • 本馆介绍
  • 公告通知
  • 最新文献
  • 馆藏检索
  • 电子资源
  • 读者导购
  • 参考咨询
  • 我的图书馆
  • 登录
  • 详细信息显示
  • 放入我的书架
  • 预约/预借图书
  • 作者相关作品
  • 分类相关作品
  • 丛书相关作品
  • 出版社相关作品

书目信息

  • 表格格式
  • 工作单格式
  • 卡片格式
题名:
数字高程模型教程
    
 
作者: 汤国安 , 李发源 , 刘学军 编著
分册:  
出版信息: 北京   科学出版社  2016.03
页数: 10, 241页
开本: 26cm
丛书名:
单 册:
中图分类: P216
科图分类:
主题词: 高程系统--gao cheng xi tong--地形测量--数学模型--高等教育--教材
电子资源:
ISBN: 978-7-03-047398-1
000 00984nam0 2200277 450
001 2036001635
005 20201122102724.71
010    @a978-7-03-047398-1@dCNY49.00
100    @a20160413e20192016em y0chiy50 ea
101 0  @achi
102    @aCN@b110000
105    @aa z 000yy
106    @ar
200 1  @a数字高程模型教程@9shu zi gao cheng mo xing jiao cheng@f汤国安, 李发源, 刘学军编著
205    @a3版
210    @a北京@c科学出版社@d2016.03@h2019.01
215    @a10, 241页@c图@d26cm
300    @a“十二五”普通高等教育本科国家级规划教材
330    @a本书介绍了DEM的基本概念、DEM的数据组织与管理、DEM数据获取方法、DEM的建立与处理和DEM的可视化表达及精度分析等基本理论与关键技术。
606 0  @a高程系统@9gao cheng xi tong@x地形测量@x数学模型@x高等教育@j教材
690    @aP216@v5
701  0 @a汤国安@9tang guo an@4编著
701  0 @a李发源@9li fa yuan@4编著
701  0 @a刘学军@9liu xue jun@4编著
801  0 @aCN@bBJSZM@c20201120
905    @b1245733-6@dP216@e355=3@f4
    
    数字高程模型教程/汤国安, 李发源, 刘学军编著.-3版.-北京:科学出版社,2016.03(2019.01)
    10, 241页:图;26cm
    “十二五”普通高等教育本科国家级规划教材
    
    ISBN 978-7-03-047398-1:CNY49.00
    本书介绍了DEM的基本概念、DEM的数据组织与管理、DEM数据获取方法、DEM的建立与处理和DEM的可视化表达及精度分析等基本理论与关键技术。
●
相关链接 在E读中查询图书 在五车中查询图书 在当当中查询图书 在豆瓣中查询图书


正题名:数字高程模型教程     索取号:P216/355=3         预约/预借

序号 登录号 条形码 馆藏地/架位号 状态 备注
1 1245733   212457330   第二样本阅览室/ [索取号:P216/355=3] 在馆    
2 1245734   212457349   第三借阅区/ [索取号:P216/355=3] 在馆    
3 1245735   212457358   第三借阅区/ [索取号:P216/355=3] 在馆    
4 1245736   212457367   第三借阅区/ [索取号:P216/355=3] 在馆    
唐山师范学院图书馆 欢迎您!
大连网信软件有限公司© 版权所有